000 00981nas a2200325 4500
001 BR2013004674
003 BR-BrBNA
005 20231205122456.0
007 ta
008 230509b bl.|||p| |||| 00| 00por d
040 _aBR-BrBNA
_bpor
_cBiblioteca Nacional de Agricultura
041 _a(Pt)
072 _aF30
100 1 _aPaterniani, M.E.A.G.Z.
100 1 _aGuimarães, P. de S.
100 1 _aLüders, R.R.
100 1 _aGallo, P.B.
100 1 _aSouza, A.P. de
100 1 _aLaborda, P.R.
100 1 _aOliveira, K.M.
245 1 _aCapacidade combinatória, divergência genética entre linhagens de milho e correlação com heterose
650 _aMILHO
650 _aVARIAÇÃO GENÉTICA
650 _aVIGOR HÍBRIDO
650 _aCRUZAMENTO VEGETAL
650 _aPRODUTIVIDADE
773 0 _tBragantia (Brazil)
_xISSN 0006-8705
_g(Jul-Sep 2008), v. 67(3) p. 639-648
_wBR2013004674
909 _a202311
_bLúcia
_c55
_dLúcia Elande
942 _2AGRIS
_n0
_cANA
999 _c228841
_d228841